[Event "Moscow op-A 17th"]
[Site "Moscow"]
[Date "2021.02.26"]
[Round "7"]
[White "Utemisov, Damir"]
[Black "Popov, Andrey1111"]
[Result "0-1"]
[WhiteElo "1894"]
[BlackElo "2182"]
[PlyCount "58"]
[EventDate "2021.02.20"]
[EventType "swiss"]
[EventRounds "9"]
[EventCountry "RUS"]
[SourceTitle "CBM 200 Extra"]
[Source "ChessBase"]
[SourceDate "2021.03.31"]
[SourceVersion "1"]
[SourceVersionDate "2021.03.31"]
[SourceQuality "1"]

1. Nf3 c5 2. c4 Nc6 3. b3 e5 4. Nc3 g6 5. g3 Bg7 6. Bg2 e4 7. Ng1 f5 8. Bb2 Nf6 9. f3 0-0 10. Qb1 Qe7 11. fxe4 fxe4 12. Nxe4 Nb4 13. Nxf6+ Bxf6 14. Kd1 Bxb2 15. Qxb2 Rf2 16. a3 Qe4 17. axb4 Qxg2 18. Nf3 Rxf3 19. exf3 Qxh1+ 20. Kc2 Qxf3 21. Qe5 d6 22. Qxd6 Bf5+ 23. Kb2 cxb4 24. Rxa7 Rxa7 25. Qb8+ Kg7 26. Qxa7 Qd3 27. Qxb7+ Kh6 28. Qxb4 Qb1+ 29. Kc3 Qa1# 0-1

[Event "Moscow op-A 17th"]
[Site "Moscow"]
[Date "2021.02.20"]
[Round "1"]
[White "Badelka, Olga"]
[Black "Utemisov, Damir"]
[Result "1/2-1/2"]
[WhiteElo "2428"]
[BlackElo "1894"]
[PlyCount "133"]
[EventDate "2021.02.20"]
[EventType "swiss"]
[EventRounds "9"]
[EventCountry "RUS"]
[SourceTitle "CBM 200 Extra"]
[Source "ChessBase"]
[SourceDate "2021.03.31"]
[SourceVersion "1"]
[SourceVersionDate "2021.03.31"]
[SourceQuality "1"]

1. Nf3 d5 2. g3 Nc6 3. d4 Bf5 4. Bg2 e6 5. 0-0 Nf6 6. c4 Nb4 7. Na3 c6 8. Qb3 a5 9. Bd2 Be7 10. c5 b6 11. Rac1 bxc5 12. dxc5 Nd7 13. Nd4 Nxc5 14. Qe3 Qd6 15. Nxf5 exf5 16. Nc2 Ne6 17. Nd4 Nxd4 18. Qxd4 0-0 19. Bf4 Qe6 20. a3 Na6 21. Qb6 Rfc8 22. Qxa5 Nc5 23. Qc3 Na4 24. Qc2 Bf6 25. Rb1 Nb6 26. Rfe1 Nc4 27. a4 g6 28. Bc1 Qe5 29. b3 Qc3 30. Qxc3 Bxc3 31. Rd1 Na5 32. Bf4 Bb4 33. f3 Re8 34. Kf1 Re7 35. e4 fxe4 36. fxe4 dxe4 37. Rd4 c5 38. Rxe4 Rxe4 39. Bxe4 Rd8 40. Ke2 Rd4 41. Bd3 Rd5 42. Bb5 g5 43. Be3 h6 44. Kf3 Re5 45. h4 f6 46. Rd1 Kf7 47. h5 f5 48. Rd8 g4+ 49. Kf2 Be1+ 50. Kxe1 Rxe3+ 51. Kf2 Rf3+ 52. Ke2 Nxb3 53. Bc4+ Ke7 54. Rh8 Nd4+ 55. Ke1 Rxg3 56. Rxh6 Rc3 57. Bd5 Ra3 58. Rg6 Nc2+ 59. Kf2 Nb4 60. Bc4 Rf3+ 61. Kg1 Rf4 62. Bb3 Ke8 63. Rg8+ Ke7 64. Rg7+ Kf6 65. h6 Re4 66. Rf7+ Kg6 67. Rd7 1/2-1/2